01302 2200193 4500001002100000005001500021008004100036035002000077082000800097084001400105100001800119245007400137250000600211260004100217300001200258520081600270650001001086990001201096INLIS00000000000126720240521021314240521 1 ind  a0010-0524000502 a813 a813 RAN l aPuspita, Rani1 aLove Maker ; Cinta Tak Memilih Tempatnya Untuk Tumbuh /cRani Puspita a1 aTanggerang :bBoom Publishing,c2015 a146 hlm aDi saat teman-teman sekelasnya sibuk mencari pacar, Karin malah betah dengan status jomblonya. Bahkan Karin nggak peduli kalau dirinya adalah satu-satunya orang di dunia yang nggak punya pacar. Menurutnya, buat apa pacaran kalau akhirnya malah bikin sakit hati? Akibatnya, ketika harus datang ke pesta ulang tahun sahabat karibnya dengan membawa pacar, Karin pun terpaksa mencari "pacar pura-pura". Lagi pula Karin juga ingin menghindari perjodohan dengan Ijul, teman satu sekolahnya. Hendra, pacar pura-pura Karin sih nggak jelek-jelek amat, malahan wajahnya mirip artis Korea. Tapi Karin naksir Fahri, si kapten basket di sekolahnya. Akankah Karin terus menjomblo? Atau ia menerima cinta Fahri? Atau Karin akan memilih Hendra yang sempat kritis karena tertusuk pisau saat membantu Karin menyelamatkan kakanya? 4aFiksi a0744139